| 000 | 00359 a2200121 4500 | ||
|---|---|---|---|
| 999 |
_c322035 _d322035 |
||
| 001 | 86962 | ||
| 003 | NUST | ||
| 005 | 20180124100407.0 | ||
| 008 | 180124b xxu||||| |||| 00| 0 eng d | ||
| 082 | _a658 REH | ||
| 100 |
_aRehman S H Ataur _99662 |
||
| 245 |
_aEffective Business Communication and Report Writing : For B Com Part II _hEnglish _bFor B Com Part II |
||
| 260 |
_aLahore _bFarrukh and Brothers _c2003 |
||
| 300 | _a378p. | ||
| 942 |
_aCAE NUST _cBK _k658 REH _2ddc |
||